| 000 | 00489nam a2200181Ia 4500 | ||
|---|---|---|---|
| 999 |
_c28572 _d28572 |
||
| 003 | OSt | ||
| 005 | 20201223120513.0 | ||
| 008 | 190216s9999||||xx |||||||||||||| ||und|| | ||
| 020 | _a9788126411900 | ||
| 040 | _coclc | ||
| 082 |
_a894.8128 _bRAJ/P |
||
| 100 |
_aRajendran, C _97465 |
||
| 245 | 0 |
_aPuthuvayana / _cC Rajendran |
|
| 260 |
_bD C Books, _aKottayam: _c2006. |
||
| 300 | _a142p | ||
| 650 | _aPadanam | ||
| 942 |
_cBK _2ddc _h894.8128 _iRAJ/P _k894.8128 _mRAJ/P |
||